Výskumné centrum, Island
Uložené v:
| Hlavný autor: | |
|---|---|
| Ďalší autori: | |
| Médium: | Rukopis Kniha |
| Jazyk: | Slovak |
| Vydavateľské údaje: |
2025
|
| Predmet: | |
| On-line prístup: | http://is.stuba.sk/zp/portal_zp.pl?podrobnosti=184910 |
| Tagy: |
Žiadne tagy, Buďte prvý, kto otaguje tento záznam!
|
MARC
| LEADER | 00000ntm a22000003a 4500 | ||
|---|---|---|---|
| 001 | stuzp104834 | ||
| 003 | SK-STU | ||
| 005 | 20250607210905.1 | ||
| 007 | ta | ||
| 008 | 150427s2015----xo-----f-mn---000-0-slo-d | ||
| 040 | |a STU |b slo | ||
| 041 | 0 | |a slo | |
| 100 | 1 | |a Sunega, Jakub |u 058180 |4 aut |U FAD Fakulta architektúry a dizajnu |T FAD Ústav architektúry občianskych budov |X 103550 |U A8180 |Y 399 |7 103550 | |
| 242 | 0 | 1 | |a Research Center, Iceland |y eng |
| 245 | 1 | 0 | |a Výskumné centrum, Island |
| 260 | |c 2025 | ||
| 650 | 4 | |a multifunctional roof |2 eng | |
| 650 | 4 | |a education |2 eng | |
| 650 | 4 | |a public outreach |2 eng | |
| 650 | 4 | |a research |2 eng | |
| 650 | 4 | |a sustainability |2 eng | |
| 650 | 4 | |a výskum |2 slo | |
| 650 | 4 | |a vzdelanie |2 slo | |
| 650 | 4 | |a udržateľnosť |2 slo | |
| 700 | 1 | |a Schleicher, Alexander |u 058180 |k Z1 |4 ths |U FAD Fakulta architektúry a dizajnu |T FAD Ústav architektúry občianskych budov |X 472 |U A8180 |Y 399 |7 A000000472 | |
| 856 | 4 | |u http://is.stuba.sk/zp/portal_zp.pl?podrobnosti=184910 | |